000 00546nam a2200181Ia 4500
008 090123s9999 xx 000 0 und d
082 _b2104
_a891.463/कुलक
100 _aकुलकर्णी दत्ता.जी.
245 _aआठव
250 _a1
260 _bशिवाजी प्रिंटर्स
300 _a127
600 _aकुलकर्णी दत्ता.जी.
630 _aआठव
700 _aकुलकर्णी दत्ता.जी.
730 _aआठव
942 _cBOOK
999 _c40188
_d40188